Principles of electromechanical-energy conversion (Record no. 23169)

000 -LEADER
fixed length control field 00596nam a22002051 4500
001 - CONTROL NUMBER
control field 23169
003 - CONTROL NUMBER IDENTIFIER
control field BD-DhUET
008 - FIXED-LENGTH DATA ELEMENTS--GENERAL INFORMATION
fixed length control field 730301s1966 xx 000 0 eng
040 ## - CATALOGING SOURCE
Original cataloging agency DLC
Transcribing agency DLC
Modifying agency BD-DhUET
082 ## - DEWEY DECIMAL CLASSIFICATION NUMBER
Classification number 623.13
Item number MEI/1966
100 ## - MAIN ENTRY--PERSONAL NAME
Personal name Meisel, Jerome
245 10 - TITLE STATEMENT
Title Principles of electromechanical-energy conversion
250 ## - EDITION STATEMENT
Edition statement 1st ed.
260 ## - PUBLICATION, DISTRIBUTION, ETC. (IMPRINT)
Place of publication, distribution, etc. New York
Name of publisher, distributor, etc. McGraw-Hill
Date of publication, distribution, etc. 1966
300 ## - PHYSICAL DESCRIPTION
Extent xvii, 639p.
Other physical details ill.
490 ## - SERIES STATEMENT
Series statement McGraw-Hill electrical and electronic engineering series
504 ## - BIBLIOGRAPHY, ETC. NOTE
Bibliography, etc Includes bibliographies
650 #0 - SUBJECT ADDED ENTRY--TOPICAL TERM
Topical term or geographic name as entry element Mechinery: Electrical engineering
942 ## - ADDED ENTRY ELEMENTS (KOHA)
Koha item type General Book
Holdings
Not for loan Koha normalized classification for sorting Source of classification or shelving scheme Location (home branch) Shelving location Copy number Koha date last seen Piece designation (barcode) Withdrawn status Price effective from Date acquired Sublocation or collection (holding branch) Lost status Koha item type Damaged status Koha full call number
 623_130000000000000_MEI_1968 Central Library, BUETCirculation section12015-05-0311878 2015-05-032015-05-03Central Library, BUET General Book 623.13/MEI/1968
 623_130000000000000_MEI_1966 Central Library, BUETCirculation section22015-05-0311877 2015-05-032015-05-03Central Library, BUET General Book 623.13/MEI/1966
 623_130000000000000_MEI_1966 Central Library, BUETCirculation section32015-05-0311875 2015-05-032015-05-03Central Library, BUET General Book 623.13/MEI/1966
 623_130000000000000_MEI_1966 Central Library, BUETCirculation section42015-05-0311438 2015-05-032015-05-03Central Library, BUET General Book 623.13/MEI/1966
 623_130000000000000_MEI_1966 Central Library, BUETCirculation section52015-05-0311876 2015-05-032015-05-03Central Library, BUET General Book 623.13/MEI/1966
 623_130000000000000_MEI_1966 Central Library, BUETCirculation section62015-05-0311437 2015-05-032015-05-03Central Library, BUET General Book 623.13/MEI/1966
 623_130000000000000_MEI_1966 Central Library, BUETCirculation section72015-05-0311879 2015-05-032015-05-03Central Library, BUET General Book 623.13/MEI/1966
 623_130000000000000_MEI_1966 Central Library, BUETCirculation section82015-05-0384929 2015-05-032015-05-03Central Library, BUET General Book 623.13/MEI/1966
 623_130000000000000_MEI_1966 Central Library, BUETCirculation section92015-05-0715539 2015-05-072015-05-07Central Library, BUET General Book 623.13/MEI/1966
 623_130000000000000_MEI_1966 Central Library, BUETCirculation section102015-07-1239251 2015-07-122015-07-12Central Library, BUET General Book 623.13/MEI/1966